000 00591nam a2200169Ia 4500
003 SGT
020 _a9788129707680
082 _a5.133
_bBON
100 _aBond, Martin
245 _aSams teach yourself J2EE in 21 days
250 _a2nd Ed.
260 _bPearson
_aN.Delhi
_c2005
300 _a1002p.
650 _aCOMPUTER SCIENCE
653 _aINTRODUCING J2EE AND ENTERPRISE JAVA BEANS,THE CHALLENGE OF N-TIER DEVELOPMENT,THE 12JEE PLATFORM AND ROLES,NAMING AND DIRECTORY SERVICES,INTRODUCTION TO ENTER PRICE JAVA BEANS,SESSION EJBS,ENTITY EJBS JAVA MESSAGE SERVICE,
942 _2ddc
_cBK
999 _c5673
_d5673